000 00599nam a2200193Ia 4500
005 20260120124633.0
008 008 260114s9999 xx 000 0 eng d
020 _a9780762310630
037 _aEBOOK
040 _aCRL
_beng
_cCRL
041 _aeng
_2eng
084 _qCRL
245 0 _aBridging the Gap Between Theory, Research and Practice: The Role of..., Volume 12
260 _bEmerald Publishing
_c2003
700 _aBrent A. McBride
_9908676
856 _uhttps://www.emerald.com/insight/publication/doi/10.1016/S0270-4021(2003)12
942 _cEBOOK
999 _c1500578
_d1500578